000 00558nam a2200241 a 4500
001 nice12345678
003 IN_TiNIC
005 20260116011401.0
008 050524s1926 dela grp 000 0 ara
020 _a
_c100
082 0 0 _a297.124
_bWAL1
100 _aWaliuddin, Shaikh
245 _aMishkatul Masabih
260 _aDelhi
_bMatba Mujtaba
_c1926
300 _a1345
500 _aincludes index and biblioraphy
505 2 _aarchives
650 _aHadith
700 1 _aWaliuddin, Shaikh
902 _bRBA
942 _cBK
999 _c1058
_d1058